LDR 00877naa#a2200145#i#450# 001 RU\\bibl\123121 005 20260513092601.3 011 ## _a2409-1073 100 ## _a20231220b2023####ek#y0rusy0150####ca 102 ## _aRU 200 1# _aУказатель содержания журнала «Экономические и социально-гуманитарные исследования» за 2023 г. _eЖурнальная статья 210 1# _aМосква _cФедеральное государственное автономное образовательное учреждение высшего образования Национальный исследовательский университет "Московский институт электронной техники" _d2023 215 ## _a0 с. 608 ## _aЖурнальная статья _2local 856 4# _aesgi-journal.ru _u